[Event "DEM U18 2006"]
[Site "Willingen GER"]
[Date "2006.06.10"]
[Round "9"]
[White "Mijatovic, Vladimir"]
[Black "Beller, Julian"]
[Result "0-1"]
[Termination "normal"]
[Board "7"]
[WhiteElo "2213"]
[BlackElo "2108"]
[PlyCount "74"]
[WhiteFideId "934062"]
[BlackFideId "24625868"]
[EventCountry "GER"]
[EventRounds "9"]
[EventType "swiss"]
[EventDate "2006.06.03"]

1. e4 c5 2. Nf3 e6 3. d4 cxd4 4. Nxd4 a6 5. Nc3 Qc7 6. g3 d6 7. Bg2 Bd7 8. O-O
Nc6 9. Re1 Be7 10. Be3 Nf6 11. Kh1 O-O 12. f4 b5 13. a3 Rac8 14. Bg1 Rfd8 15.
Qe2 Na5 16. g4 Nc4 17. g5 Ne8 18. Nd1 g6 19. b3 Na5 20. Ne3 Bf8 21. f5 Nc6 22.
Nf3 Ne5 23. Nd4 Nc6 24. Nf3 Ne5 25. Rf1 Bc6 26. Nd4 Ng7 27. fxe6 fxe6 28. a4
Qe7 29. Nxc6 Rxc6 30. axb5 axb5 31. Qxb5 Qxg5 32. Nc4 Rdc8 33. Ra7 Nh5 34. Qb7
R8c7 35. Qxc7 Rxc7 36. Rxc7 Ng3+ 37. hxg3 Qh5+ 0-1

[Event "DEM U18 2006"]
[Site "Willingen GER"]
[Date "2006.06.10"]
[Round "9"]
[White "Krug, Kevin"]
[Black "Bracker, Frank"]
[Result "1-0"]
[Termination "normal"]
[Board "9"]
[WhiteElo "2114"]
[BlackElo "2058"]
[PlyCount "39"]
[WhiteFideId "24609110"]
[BlackFideId "24614343"]
[EventCountry "GER"]
[EventRounds "9"]
[EventType "swiss"]
[EventDate "2006.06.03"]

1. d4 Nf6 2. Nc3 d5 3. Bg5 Nbd7 4. f3 c6 5. e4 dxe4 6. fxe4 e5 7. Nf3 Qb6 8.
Qd2 exd4 9. Nxd4 Bb4 10. Nf5 O-O 11. Bd3 Re8 12. O-O-O Qa5 13. Rhf1 Ng4 14. h3
Nge5 15. Qf4 Nb6 16. Nxg7 Be6 17. Nxe8 Rxe8 18. Bf6 Ng6 19. Qh6 Bf8 20. Qg5 1-0

[Event "DEM U18 2006"]
[Site "Willingen GER"]
[Date "2006.06.10"]
[Round "9"]
[White "Kaufmann, Benjamin"]
[Black "Cara, Bogdan"]
[Result "0-1"]
[Termination "normal"]
[Board "10"]
[WhiteElo "1940"]
[BlackElo "2027"]
[PlyCount "48"]
[WhiteFideId "24613525"]
[EventCountry "GER"]
[EventRounds "9"]
[EventType "swiss"]
[EventDate "2006.06.03"]

1. e4 e6 2. d4 d5 3. Nc3 Nf6 4. e5 Nfd7 5. Nce2 c5 6. c3 Nc6 7. f4 Qb6 8. a3
Na5 9. Nf3 Nb3 10. Rb1 a5 11. g3 a4 12. Bh3 Nb8 13. O-O Nc6 14. Be3 Nca5 15. g4
Nc4 16. Qd3 Bd7 17. f5 Bb5 18. dxc5 Bxc5 19. Ned4 Nxa3 20. Qd1 Bxf1 21. Qxf1
Nxb1 22. fxe6 fxe6 23. Ng5 Rf8 24. Qxb1 Nxd4 0-1

[Event "DEM U18 2006"]
[Site "Willingen GER"]
[Date "2006.06.10"]
[Round "9"]
[White "Huschenbeth, Niclas"]
[Black "Rafiee, Makan"]
[Result "1-0"]
[Termination "normal"]
[Board "11"]
[WhiteElo "2293"]
[BlackElo "2044"]
[PlyCount "61"]
[WhiteFideId "24604747"]
[BlackFideId "24609340"]
[EventCountry "GER"]
[EventRounds "9"]
[EventType "swiss"]
[EventDate "2006.06.03"]

1. e4 c5 2. Nf3 d6 3. d4 cxd4 4. Nxd4 Nf6 5. Nc3 a6 6. Bg5 e6 7. f4 Be7 8. Qf3
Nbd7 9. O-O-O Qc7 10. g4 b5 11. Bxf6 Nxf6 12. g5 Nd7 13. f5 Bxg5+ 14. Kb1 Ne5
15. Qh5 Qd8 16. h4 Bf6 17. fxe6 g6 18. exf7+ Kxf7 19. Qh6 Bg7 20. Qf4+ Qf6 21.
Qg3 Rf8 22. Nd5 Qd8 23. Qb3 Ke8 24. Bh3 Nc4 25. Nc6 Qxh4 26. Nc7+ Kf7 27. Bxc8
Raxc8 28. Rxh4 Rxc7 29. Rf4+ Kg8 30. Rxf8+ Kxf8 31. Nd4 1-0

[Event "DEM U18 2006"]
[Site "Willingen GER"]
[Date "2006.06.10"]
[Round "9"]
[White "Grünke, Paul"]
[Black "Jahner, Marius-Florin"]
[Result "1/2-1/2"]
[Termination "normal"]
[Board "12"]
[WhiteElo "1874"]
[BlackElo "1876"]
[PlyCount "44"]
[WhiteFideId "24647802"]
[EventCountry "GER"]
[EventRounds "9"]
[EventType "swiss"]
[EventDate "2006.06.03"]

1. e4 e6 2. Nf3 d5 3. e5 c5 4. b4 cxb4 5. a3 Nc6 6. axb4 Bxb4 7. c3 Be7 8. d4
f6 9. Bd3 fxe5 10. dxe5 Qc7 11. Qe2 Bc5 12. Ba3 b6 13. O-O Nge7 14. Bxc5 bxc5
15. Na3 O-O 16. Nb5 Qd8 17. Bxh7+ Kxh7 18. Ng5+ Kh6 19. f4 Rf5 20. Nd6 Qg8 21.
Qg4 g6 22. Rf3 Kg7 1/2-1/2

[Event "DEM U18 2006"]
[Site "Willingen GER"]
[Date "2006.06.10"]
[Round "9"]
[White "Hauser, Carlos"]
[Black "Wolter, Jens"]
[Result "1/2-1/2"]
[Termination "normal"]
[Board "13"]
[WhiteElo "2134"]
[BlackElo "2107"]
[PlyCount "53"]
[WhiteFideId "24608238"]
[BlackFideId "4698185"]
[EventCountry "GER"]
[EventRounds "9"]
[EventType "swiss"]
[EventDate "2006.06.03"]

1. d4 d5 2. c4 e6 3. Nc3 Be7 4. cxd5 exd5 5. Bf4 c6 6. e3 Bf5 7. g4 Be6 8. h4
c5 9. g5 Nc6 10. Nf3 Rc8 11. Ne5 Bd6 12. Bb5 Nge7 13. h5 a6 14. Be2 cxd4 15.
exd4 Nf5 16. Nxc6 Rxc6 17. Qd2 Qc7 18. Bxd6 Qxd6 19. Bg4 Rc4 20. Bxf5 Bxf5 21.
Kf1 O-O 22. Re1 Qb4 23. Rh4 Be4 24. Nxe4 dxe4 25. Rd1 Qb5 26. Kg1 Qd5 27. Qe3
1/2-1/2